• 首页
  • 本馆介绍
  • 公告通知
  • 最新文献
  • 馆藏检索
  • 电子资源
  • 读者导购
  • 参考咨询
  • 我的图书馆
  • 登录
  • 详细信息显示
  • 放入我的书架
  • 预约/预借图书
  • 作者相关作品
  • 分类相关作品
  • 丛书相关作品
  • 出版社相关作品

书目信息

  • 表格格式
  • 工作单格式
  • 卡片格式
题名:
生物统计
    
 
作者: 刘来福 , 程书肖 编著
分册:  
出版信息: 北京   北京师范大学出版社  1988.5
页数: 504页
开本: 20cm
丛书名:
单 册:
中图分类: Q-332
科图分类:
主题词: 生物统计--高等学校--教材
电子资源:
ISBN: 7-303-00056-9
000 00866nam0 2200277 45
001 0192002930
005 20040910103239.2
010    @a7-303-00056-9@dCNY3.20
020    @aCN@b92002930
100    @a19920625d1988 em y0chiy0121 ea
101 0  @achi
102    @aCN@b110000
105    @ak oz 000yy
106    @ar
200 10 @a生物统计@Asheng wu tong ji@f刘来福,程书肖编著@Fliu lai fu cheng shu xiao bian zhu
210    @a北京@c北京师范大学出版社@d1988.5
215    @a504页@d20cm
300    @a高等学校教学用书
330    @a本书介绍了处理生物科学观测数据常用的统计学方法及其所依据的统计学的基本原理。
540 1  @a生物 统计@Asheng wu tong ji
606    @a生物统计@x高等学校@x教材
690    @aQ-332@v3
701  0 @a刘来福@Aliu lai fu@4编著
701  0 @a程书肖@Acheng shu xiao@4编著
801  0 @aCN@bNLC@c19920625
905    @dQ-332@e24@f1@b239688
    
    生物统计/刘来福,程书肖编著.-北京:北京师范大学出版社,1988.5
    504页;20cm
    高等学校教学用书
    
    ISBN 7-303-00056-9:CNY3.20
    本书介绍了处理生物科学观测数据常用的统计学方法及其所依据的统计学的基本原理。
●
相关链接 在E读中查询图书 在五车中查询图书 在当当中查询图书 在豆瓣中查询图书


正题名:生物统计     索取号:Q-332/24         预约/预借

序号 登录号 条形码 馆藏地/架位号 状态 备注
1 0239688   001951971   第三借阅区/ [索取号:Q-332/24] 在馆    
2 0239689   000074412   密集书库/ [索取号:Q-332/24] 在馆    
3 0239690   000074421   第三借阅区/ [索取号:Q-332/24] 在馆    
4 0239691   000075368   密集书库/ [索取号:Q-332/24] 在馆    
5 0239692   000075359   第二样本阅览室/ [索取号:Q-332/24] 在馆    
唐山师范学院图书馆 欢迎您!
大连网信软件有限公司© 版权所有